| 000 | 00820cab a2200253 4500 | ||
|---|---|---|---|
| 001 | ABS53960 | ||
| 008 | 090401t1995 xxu||||| |||| 00| 0 eng d | ||
| 035 | _a(Sirsi) u7660 | ||
| 041 | _aeng | ||
| 100 | _aFyson, A. | ||
| 245 | _aPartnerships get to take a curtain call | ||
| 260 | _c1995 | ||
| 350 | _a0 | ||
| 490 |
_aPlanning Week _v3(45) 9 November 1995, 8(1) |
||
| 520 | _aConsiders the successes and failures of local authority partnerships in light of the National Housing and Town Planning Council Partnership Awards. | ||
| 650 | _aECONOMIC DEVELOPMENT | ||
| 650 | _aJOINT VENTURES | ||
| 650 | _aLOCAL AUTHORITIES | ||
| 650 | _aNATIONAL HOUSING AND TOWN AND COUNTRY PLANNING COUNCIL PARTNERSHIP AWA | ||
| 650 | _aPARTNERSHIPS | ||
| 690 | _aECONOMIC AND SOCIAL | ||
| 942 | _n0 | ||
| 948 | _c04/03/1997 | ||
| 999 |
_c4657 _d4657 |
||